<?xml version="1.0" encoding="UTF-8"?>
<record
    xmlns:xsi="http://www.w3.org/2001/XMLSchema-instance"
    xsi:schemaLocation="http://www.loc.gov/MARC21/slim http://www.loc.gov/standards/marcxml/schema/MARC21slim.xsd"
    xmlns="http://www.loc.gov/MARC21/slim">

  <leader>02113nam a2200337uu 4500</leader>
  <controlfield tag="001">1181500</controlfield>
  <controlfield tag="005">20260507135052.0</controlfield>
  <controlfield tag="007">cr|||||||</controlfield>
  <controlfield tag="008">091127e20091127                    spa  </controlfield>
  <datafield tag="035" ind1=" " ind2=" ">
    <subfield code="a">1181500</subfield>
  </datafield>
  <datafield tag="040" ind1=" " ind2=" ">
    <subfield code="c">comduadb</subfield>
  </datafield>
  <datafield tag="041" ind1=" " ind2=" ">
    <subfield code="a">spa</subfield>
  </datafield>
  <datafield tag="080" ind1=" " ind2=" ">
    <subfield code="a">PQU</subfield>
  </datafield>
  <datafield tag="100" ind1="1" ind2="0">
    <subfield code="a">Guti&#xE9;rrez Cardona, Leidy Xiomara</subfield>
    <subfield code="4">aut</subfield>
    <subfield code="e">aut</subfield>
  </datafield>
  <datafield tag="245" ind1="1" ind2="0">
    <subfield code="a">Obtenci&#xF3;n de celulosa a partir de material lignocelul&#xF3;sico proveniente de la extracci&#xF3;n de aceite de palma</subfield>
  </datafield>
  <datafield tag="260" ind1=" " ind2=" ">
    <subfield code="a">Medell&#xED;n :</subfield>
    <subfield code="b">[sin publicador],</subfield>
    <subfield code="c">2009.</subfield>
  </datafield>
  <datafield tag="300" ind1=" " ind2=" ">
    <subfield code="a">98 p&#xE1;ginas</subfield>
  </datafield>
  <datafield tag="520" ind1="3" ind2=" ">
    <subfield code="a">El raquis, un material lignocelul&#xF3;sico procedente de la industria de extracci&#xF3;n de aceite de palma, constituye una fuente potencial de az&#xFA;cares debido a su alto contenido de las fracciones fermentables celulosa y hemicelulosa, los cuales, pueden ser utilizados para la producci&#xF3;n de etanol; producto de alto inter&#xE9;s por su uso como biocombustible. En este trabajo se establecen los niveles de las variables que facilitan la remoci&#xF3;n de lignina del raquis mediante pretratamiento alcalino, logr&#xE1;ndose porcentajes del 45.51 y 54.16% para un material crudo y uno proveniente de la hidr&#xF3;lisis &#xE1;cida, respectivamente. Adem&#xE1;s, se estudia la influencia del pretratamiento sobre la formaci&#xF3;n de az&#xFA;cares fermentables y obtenci&#xF3;n de etanol mediante un proceso de Sacarificaci&#xF3;n y Fermentaci&#xF3;n Simult&#xE1;neas (SSF), utilizando el complejo enzim&#xE1;tico Acellerase 1500&#xAE; y la levadura Ethanol Red&#xAE; (Saccharomyces cerevisiae), obteni&#xE9;ndose un aumento en la fermentabilidad de 42.58% para el material crudo, 59.98% para el hidrolizado &#xE1;cido y una concentraci&#xF3;n de 32 g/L de etanol equivalente.</subfield>
  </datafield>
  <datafield tag="650" ind1=" " ind2=" ">
    <subfield code="a">Celulosa</subfield>
    <subfield code="9">34333</subfield>
  </datafield>
  <datafield tag="650" ind1=" " ind2=" ">
    <subfield code="a">Lignocelulosa</subfield>
    <subfield code="9">21165</subfield>
  </datafield>
  <datafield tag="650" ind1=" " ind2=" ">
    <subfield code="a">Aceite de palma</subfield>
    <subfield code="9">13212</subfield>
  </datafield>
  <datafield tag="650" ind1=" " ind2=" ">
    <subfield code="a">Etanol combustible</subfield>
    <subfield code="9">140925</subfield>
  </datafield>
  <datafield tag="650" ind1=" " ind2=" ">
    <subfield code="a">Lignina</subfield>
    <subfield code="9">38581</subfield>
  </datafield>
  <datafield tag="650" ind1=" " ind2=" ">
    <subfield code="a">Pretratamientos qu&#xED;micos</subfield>
    <subfield code="9">32104</subfield>
  </datafield>
  <datafield tag="650" ind1=" " ind2=" ">
    <subfield code="a">Sacarificaci&#xF3;n</subfield>
    <subfield code="9">73635</subfield>
  </datafield>
  <datafield tag="700" ind1="1" ind2="0">
    <subfield code="a">Pe&#xF1;uela V&#xE1;squez, Mariana</subfield>
    <subfield code="4">ths</subfield>
    <subfield code="e">ths</subfield>
    <subfield code="9">559917</subfield>
  </datafield>
  <datafield tag="700" ind1="1" ind2="0">
    <subfield code="a">G&#xF3;mez Vanegas, Natalia Andrea</subfield>
    <subfield code="4">ths</subfield>
    <subfield code="e">ths</subfield>
    <subfield code="9">290402</subfield>
  </datafield>
  <datafield tag="942" ind1=" " ind2=" ">
    <subfield code="c">TESIS</subfield>
  </datafield>
  <datafield tag="999" ind1=" " ind2=" ">
    <subfield code="c">536631</subfield>
    <subfield code="d">536631</subfield>
  </datafield>
  <datafield tag="502" ind1=" " ind2=" ">
    <subfield code="b">178</subfield>
    <subfield code="c">17</subfield>
  </datafield>
  <datafield tag="526" ind1=" " ind2=" ">
    <subfield code="a">180</subfield>
  </datafield>
  <datafield tag="952" ind1=" " ind2=" ">
    <subfield code="0">0</subfield>
    <subfield code="1">0</subfield>
    <subfield code="4">0</subfield>
    <subfield code="7">0</subfield>
    <subfield code="8">TESELEC</subfield>
    <subfield code="a">CENDI</subfield>
    <subfield code="b">CENDI</subfield>
    <subfield code="d">2009-11-27</subfield>
    <subfield code="i">C1074584</subfield>
    <subfield code="l">0</subfield>
    <subfield code="o">PQU 05499</subfield>
    <subfield code="r">2023-04-29 00:00:00</subfield>
    <subfield code="t">1</subfield>
    <subfield code="w">2023-04-29</subfield>
    <subfield code="y">INTER</subfield>
    <subfield code="z">Acceso restringido.</subfield>
  </datafield>
</record>
